| 000 | 00785nam a22002297a 4500 | ||
|---|---|---|---|
| 999 |
_c17257 _d17257 |
||
| 003 | AR-CdUCM | ||
| 008 | 190507b ||||| |||| 00| 0 spa d | ||
| 040 |
_aMUNICIPALIDAD PROVINCIAL DEL CUSCO _cBIBLIOTECA MUNICIPAL DEL CUSCO |
||
| 082 |
_22ed. _a514.24 / _bM28 |
||
| 100 |
_aMataix Aracil, Carlos. _937151 |
||
| 245 | _aTratados de geomtría analítica / | ||
| 260 |
_aMadrid : _bEdit. Dossat, _c1960. |
||
| 300 |
_a209 paginas ; _bFormulas, operaciones, _c18 paginas ; |
||
| 440 |
_aColección Compendio de las matemáticas superiores _937152 |
||
| 505 | _aContenido : Geometría | ||
| 650 |
_aMatemática _919387 |
||
| 650 |
_aCalculo diferencial _937153 |
||
| 650 |
_aGeometría _918656 |
||
| 650 |
_aEcuaciones _919076 |
||
| 942 |
_2ddc _cLIBROS |
||
| 945 |
_awnts _d2019-05-7 |
||